[Event "Deutsche Ländermeisterschaft 2003"]
[Site "Kassel GER"]
[Date "2003.10.20"]
[Round "3"]
[White "Rafiee, Makan"]
[Black "Krause, Friederike"]
[Result "1-0"]
[Termination "normal"]
[Board "6.7"]
[WhiteElo "1647"]
[BlackElo "923"]
[WhiteTeam "Hessen 1"]
[BlackTeam "Mecklenburg-Vorpommern"]
[PlyCount "53"]
[WhiteFideId "24609340"]
[EventCountry "GER"]
[EventRounds "7"]
[EventType "team-swiss"]
[EventDate "2003.10.18"]

1. e4 e6 2. d4 d5 3. Nd2 dxe4 4. Nxe4 Nc6 5. Nf3 Nf6 6. Nxf6+ Qxf6 7. Bd3 Nxd4
8. Nxd4 Qxd4 9. Bb5+ c6 10. Qxd4 cxb5 11. O-O Be7 12. Qxg7 Rf8 13. Bg5 f6 14.
Bh4 Rf7 15. Qg8+ Rf8 16. Qxh7 Bd7 17. Rad1 Bc6 18. Qg6+ Rf7 19. Qg8+ Rf8 20.
Qxe6 a5 21. Rfe1 Rf7 22. Bxf6 Kf8 23. Bxe7+ Kg7 24. Qg4+ Kh7 25. Re6 Rg8 26.
Qh5+ Kg7 27. Qh6# 1-0

[Event "Deutsche Ländermeisterschaft 2003"]
[Site "Kassel GER"]
[Date "2003.10.20"]
[Round "3"]
[White "Anton, Florian"]
[Black "Begeluri, Nino"]
[Result "0-1"]
[Termination "normal"]
[Board "6.8"]
[WhiteElo "890"]
[BlackElo "1125"]
[WhiteTeam "Mecklenburg-Vorpommern"]
[BlackTeam "Hessen 1"]
[PlyCount "52"]
[EventCountry "GER"]
[EventRounds "7"]
[EventType "team-swiss"]
[EventDate "2003.10.18"]

1. e4 c5 2. Nf3 Nc6 3. d4 cxd4 4. Nxd4 e5 5. Nxc6 bxc6 6. Nc3 Nf6 7. Bg5 Bb4 8.
Bc4 O-O 9. a3 Bxc3+ 10. bxc3 h6 11. Bh4 Qe7 12. O-O d6 13. Qe2 Be6 14. g3 g5
15. Bxg5 hxg5 16. Bd3 d5 17. Rae1 dxe4 18. Bxe4 Nxe4 19. Qxe4 Bd5 20. Qxe5 Qxe5
21. Rxe5 f6 22. Re7 Rfe8 23. Rfe1 Rxe7 24. Rxe7 Rb8 25. h3 Rb1+ 26. Kh2 Rh1#
0-1